When the river sleeps / (Record no. 89818)

MARC details
000 -LEADER
fixed length control field 00482nam a22001817a 4500
005 - DATE AND TIME OF LATEST TRANSACTION
control field 20141110112241.0
010 ## - LCCN (DPL NO)
LC control number ENG-111131
020 ## - INTERNATIONAL STANDARD BOOK NUMBER
Terms of availability 295.00
International Standard Book Number 9789383074891
035 ## - SYSTEM CONTROL NUMBER
System control number EN-94663
037 ## - SOURCE OF ACQUISITION
Source of stock number/acquisition DBAD/PUB
082 ## - DEWEY DECIMAL CLASSIFICATION NUMBER
Classification number N
100 ## - MAIN ENTRY--PERSONAL NAME
Personal name Kire, Easterine
245 ## - TITLE STATEMENT
Title When the river sleeps /
Statement of responsibility, etc by Easterine Kire
260 ## - PUBLICATION, DISTRIBUTION, ETC. (IMPRINT)
Place of publication, distribution, etc New Delhi
Name of publisher, distributor, etc Zubaan
Date of publication, distribution, etc 2014
270 ## - ADDRESS
City New Delhi
Postal code 110049
Address 128 B Shahpur Jat, 1st Floor
300 ## - PHYSICAL DESCRIPTION
Extent 244p.
Dimensions 22cm(pbk)
942 ## - ADDED ENTRY ELEMENTS (KOHA)
Source of classification or shelving scheme Dewey Decimal Classification
Item type English Books
Call number suffix KIR
Classification part N
Holdings
Withdrawn status Lost status Not for loan Collection code Home library Current library Date acquired Source of acquisition Cost, normal purchase price Full call number Barcode Copy number Cost, replacement price Koha item type
    Not For Loan Fiction D.B.Act.Division D.B.Act.Division 07/11/2014 DBAD/PUB 295.00 N KIR EN-94663 1 295.00 English Books

© Delhi Public Library
Hit Counter
free hit counter